Visual modeling for production and transportation systems /
Saved in:
| 主要作者: | |
|---|---|
| 格式: | Thesis 图书 |
| 语言: | English |
| 出版: |
1996.
|
| 主题: | |
| 标签: |
添加标签
没有标签, 成为第一个标记此记录!
|
| LEADER | 00888cam a2200241 a 4500 | ||
|---|---|---|---|
| 001 | u410751 | ||
| 003 | SIRSI | ||
| 008 | 970428s1996 si v 00 1 eng m | ||
| 035 | |a ACD-0265 | ||
| 040 | |a UMM | ||
| 090 | |a QA76.65 |b Hu | ||
| 100 | 1 | 0 | |a Hu, Jian. |
| 245 | 1 | 0 | |a Visual modeling for production and transportation systems / |c by Hu Jian. |
| 260 | |c 1996. | ||
| 300 | |a 1 v. (various pagings) : |b ill. ; |c 30 cm. | ||
| 502 | |a Dissertation (M.Sc.) -- National University of Singapore, 1996. | ||
| 504 | |a Bibliography: leaves 106-114. | ||
| 650 | 0 | |a Visual programming (Computer science) | |
| 650 | 0 | |a Decision support systems |x Mathematical models | |
| 650 | 0 | |a Production management |x Research |x Statistical methods |v Handbooks, manuals, etc. |x Mathematical models | |
| 948 | |a 28/04/1997 |b 12/04/1999 | ||
| 596 | |a 1 | ||
| 999 | |a QA76.65 HU |w LC |c 1 |i A506935151 |l STACKS |m P01UTAMA |r Y |s Y |t TESIS |u 25/10/1997 | ||
